Introduction to econometrics (Record no. 5)

MARC details
000 -LEADER
fixed length control field 00498 a2200217 4500
001 - CONTROL NUMBER
control field 000269
003 - CONTROL NUMBER IDENTIFIER
control field OSt
005 - DATE AND TIME OF LATEST TRANSACTION
control field 20251210150335.0
008 - FIXED-LENGTH DATA ELEMENTS--GENERAL INFORMATION
fixed length control field
020 ## - INTERNATIONAL STANDARD BOOK NUMBER
International Standard Book Number 0470015128
040 ## - CATALOGING SOURCE
Transcribing agency CURAJ
082 ## - DEWEY DECIMAL CLASSIFICATION NUMBER
Classification number 330.015195
Item number M26I
100 1# - MAIN ENTRY--PERSONAL NAME
Personal name Madelala. G.S.
245 1# - TITLE STATEMENT
Title Introduction to econometrics
Statement of responsibility, etc By G.s. Madelala
250 ## - EDITION STATEMENT
Edition statement 3rd ed.
260 ## - PUBLICATION, DISTRIBUTION, ETC. (IMPRINT)
Place of publication, distribution, etc India
Name of publisher, distributor, etc Wiley
Date of publication, distribution, etc 2010
300 ## - PHYSICAL DESCRIPTION
Extent 636p.
500 ## - GENERAL NOTE
General note English
690 ## - LOCAL SUBJECT ADDED ENTRY--TOPICAL TERM (OCLC, RLIN)
Topical term or geographic name as entry element Econometrics
942 ## - ADDED ENTRY ELEMENTS (KOHA)
Source of classification or shelving scheme Dewey Decimal Classification
Koha item type Books
Holdings
Withdrawn status Lost status Source of classification or shelving scheme Damaged status Not for loan Collection code Home library Current library Department Date acquired Source of acquisition Coded location qualifier Cost, normal purchase price Inventory number(Invoice/Date) Total Checkouts Full call number Barcode Date last seen Date checked out Price effective from Koha item type Public note
    Dewey Decimal Classification     General Text Book Central University Of Rajasthan Central University Of Rajasthan Economics 07/03/2012 ECMS Book Fair 419.00 029/03-02-2010 2 330.015195 M26I 260 27/02/2026 04/02/2026 02/09/2020 Books Narosa, New Delhi
    Dewey Decimal Classification     General Text Book Central University Of Rajasthan Central University Of Rajasthan Economics 28/09/2010 ECMS Book Fair 419.00 029/03-02-2010   330.015195 M26I 261 21/11/2024   02/09/2020 Books Narosa, New Delhi